000 00674cam a22002293a 4500
001 18003
003 PGUSA
005 20140828083401.0
008 060316s2006||||xxu|||||s|||||000 1 eng d
040 _aPGUSA
_beng
042 _adc
050 4 _aPQ
100 1 _aDumas, Alexandre,
_d1802-1870
245 1 0 _aLa femme au collier de velours
_h[electronic resource] /
_cAlexandre Dumas
260 _bProject Gutenberg,
_c2006
506 _aPublic domain in the USA.
516 _aElectronic text
653 _aDu Barry, Jeanne Bécu, comtesse, 1743-1793 -- Fiction
830 0 _aProject Gutenberg
_v18003
856 4 0 _uhttp://www.gutenberg.org/ebooks/18003
942 _cEB
999 _c247258
_d247258